<?xml version="1.0" encoding="UTF-8"?>
<collection xmlns="http://www.loc.gov/MARC21/slim">
 <record>
  <leader>01285nam a2200205Ia 4500</leader>
  <controlfield tag="001">CTU_239790</controlfield>
  <controlfield tag="008">210402s9999    xx            000 0 und d</controlfield>
  <datafield tag="020" ind1=" " ind2=" ">
   <subfield code="c">75000</subfield>
  </datafield>
  <datafield tag="082" ind1=" " ind2=" ">
   <subfield code="a">625.8</subfield>
  </datafield>
  <datafield tag="082" ind1=" " ind2=" ">
   <subfield code="b">T309</subfield>
  </datafield>
  <datafield tag="245" ind1=" " ind2="0">
   <subfield code="a">Tiêu chuẩn kỹ thuật thi công và nghiệm thu nền, mặt đường ôtô</subfield>
  </datafield>
  <datafield tag="245" ind1=" " ind2="0">
   <subfield code="c">Tiêu chuẩn Việt Nam. Tiêu chuẩn ngành GTVT</subfield>
  </datafield>
  <datafield tag="260" ind1=" " ind2=" ">
   <subfield code="a">Hà Nội</subfield>
  </datafield>
  <datafield tag="260" ind1=" " ind2=" ">
   <subfield code="b">Giao thông Vận tải</subfield>
  </datafield>
  <datafield tag="260" ind1=" " ind2=" ">
   <subfield code="c">2005</subfield>
  </datafield>
  <datafield tag="520" ind1=" " ind2=" ">
   <subfield code="a">Trình bày các tiêu chuẩn kĩ thuật thi công và nghiệm thu các công trình liên quan tới nền đường như tiêu chuẩn vật liệu, thiết kế thành phần hỗn hợp, thi công đất gia cố, nghiệm thu lớp móng cấp phối đá dăm. Quy trình thí nghiệm cắt cánh hiện trường, xác định độ chặt nền đường, xác định độ hao mòn của cốt liệu, phương pháp gia cố nền đất yếu bằng trụ đất xi măng...</subfield>
  </datafield>
  <datafield tag="650" ind1=" " ind2=" ">
   <subfield code="a">Công nghiệp xây dựng,Construction industry</subfield>
  </datafield>
  <datafield tag="650" ind1=" " ind2=" ">
   <subfield code="x">Tiêu chuẩn,Standards</subfield>
  </datafield>
  <datafield tag="904" ind1=" " ind2=" ">
   <subfield code="i">Hải</subfield>
  </datafield>
  <datafield tag="980" ind1=" " ind2=" ">
   <subfield code="a">Trung tâm Học liệu Trường Đại học Cần Thơ</subfield>
  </datafield>
 </record>
</collection>
